Guess the 1960s song lyrics #61 - Statistics

General Stats
  • This quiz has been taken 29 times
  • The average score is 87 of 148
Answer Stats
Answer % Correct
a
100%
the
100%
The
100%
are
95%
be
95%
of
95%
who
95%
and
89%
fight
89%
men
89%
Men
89%
day
84%
night
84%
to
84%
in
79%
they
79%
what
79%
will
79%
for
74%
live
74%
my
74%
on
74%
say
74%
this
74%
win
74%
at
68%
by
68%
from
68%
Have
68%
He
68%
Beret
63%
But
63%
Green
63%
his
63%
just
63%
man
63%
mean
63%
off
63%
only
63%
their
63%
These
63%
brave
58%
die
58%
Fighting
58%
had
58%
has
58%
Her
58%
her
58%
One
53%
one
53%
soldiers
53%
they'll
53%
him
47%
last
47%
America's
42%
best
42%
He'll
42%
land
42%
Make
42%
Put
42%
take
42%
today
42%
chest
37%
home
37%
hundred
37%
those
37%
Back
32%
Silver
32%
silver
32%
sky
32%
son's
32%
three
32%
upon
32%
wings
32%
wing's
32%
combat
26%
died
26%
hand
26%
jump
26%
request
26%
test
26%
Trained
26%
wife
26%
Courage
21%
fate
21%
Fearless
21%
met
21%
nature's
21%
Leaving
16%
oppressed
16%
waits
16%
young
16%
No matching quizzes found
Score Distribution
Percent of People with Each Score
Percentile by Number Answered
Your Score History
You have not taken this quiz